| 000 | 00979nam a2200265 4500 | ||
|---|---|---|---|
| 001 | 26772 | ||
| 003 | BD_RjUL | ||
| 005 | 20211209051051.0 | ||
| 008 | 140323s19711919e ab 001 0aeng d | ||
| 035 |
_aCURL 7m980070921724(LCo) from jbc003 _a(BD-RjUL)26843 |
||
| 040 |
_aBD-RjUL _beng _cBD-RjUL _dBD-RjUL |
||
| 041 | _aeng | ||
| 082 |
_a954.163 _bRUE 1971 |
||
| 100 | 1 |
_aRustomji, Nari, _d1919- _982281 |
|
| 245 | 1 | 0 |
_aEnchanted frontiers : _bSikkim, Bhutan and India's north-eastern borderlands / _cNari Rustomji. |
| 260 |
_aBombay ; _aLondon : _bOxford University Press, _cc1971. |
||
| 300 |
_aviii, 333 p., [6] leaves of plates (2 fold.) : _bill. maps (part col.), ports. ; _c23 cm. |
||
| 500 | _aIncludes index. | ||
| 600 | 1 | 0 |
_aRustomji, Nari, _d1919- _982286 |
| 650 |
_aArunāchal Pradesh (India) History. _xHistory. _982283 |
||
| 651 | 0 |
_aHimalaya Mountains Region _xDescription and travel. _982284 |
|
| 942 |
_2ddc _cBK |
||
| 999 |
_c26772 _d26772 |
||